000 00454nam a22001577a 4500
005 20251108171852.0
008 250721s1980 xx 000 0 ara d
082 1 4 _aط/301.16/شار
245 1 0 _aالإشارات و الرسائل /
264 1 _aبيروت : القاهرة :
_bدار المعارف،
_c1980.
300 _a26ص : مص
490 0 _aالمعارف للأولاد
650 1 7 _aالرسائل
942 _2ddc
_cBK
999 _c64698
_d64698